Controversias clásicas sobre medicina : (Record no. 62247)
[ view plain ]
| 000 -LEADER | |
|---|---|
| campo de control de longitud fija | 01577nam a2200325 i 4500 |
| 001 - NÚMERO DE CONTROL | |
| campo de control | 62247 |
| 003 - IDENTIFICADOR DE NÚMERO DE CONTROL | |
| campo de control | ES-MaACL |
| 005 - FECHA Y HORA DE LA ÚLTIMA TRANSACCIÓN | |
| campo de control | 20251118151644.0 |
| 007 - CAMPO FIJO DE DESCRIPCIÓN FÍSICA--INFORMACIÓN GENERAL | |
| campo de control de longitud fija | t| |
| 008 - DATOS DE LONGITUD FIJA--INFORMACIÓN GENERAL | |
| campo de control de longitud fija | 031119s1932 sp ||||1| spa d |
| 100 1# - ENTRADA PRINCIPAL--NOMBRE DE PERSONA | |
| Nombre de persona | Feijoo, Benito Jerónimo, |
| Fechas asociadas al nombre | 1676-1764 |
| 9 (RLIN) | 49105 |
| 245 10 - MENCIÓN DEL TÍTULO | |
| Título | Controversias clásicas sobre medicina : |
| Resto del título | (siglo XVIII) / |
| Mención de responsabilidad, etc. | Padre Feijoo, Dr. Martín Martínez. |
| 250 ## - MENCION DE EDICION | |
| Mención de edición | 2ª ed. |
| 260 ## - PUBLICACIÓN, DISTRIBUCIÓN, ETC. | |
| Lugar de publicación, distribución, etc. | Masnou, Barcelona : |
| Nombre del editor, distribuidor, etc. | [s.n.], |
| Fecha de publicación, distribución, etc. | 1932 ( |
| Fabricante | Tip. de los Laboratorios del Norte de España) |
| 300 ## - DESCRIPCIÓN FÍSICA | |
| Extensión | 53 p. : |
| Otras características físicas | il. ; |
| Dimensiones | 22 cm. |
| 490 1# - MENCIÓN DE SERIE | |
| Mención de serie | Colección de publicaciones médicas histórico-artísticas ; |
| Designación de volumen o secuencia | 6 |
| 505 8# - NOTA DE CONTENIDO CON FORMATO | |
| Nota de contenido con formato | Contiene: El Padre Benito Feijoo (biografía) . Medicina: discurso quinto . El Dr. Martín Martínez (biografía) . Réplica al Discurso quinto "medicina" del Teatro crítico universal, del Rmo. P. Mro. Fr. Benito Feijoo / por el Dr. Martín Martínez |
| 530 ## - NOTA DISPONIBLE DE FORMULARIO FÍSICO ADICIONAL | |
| Nota de formato físico adicional disponible | Disponible en formato digital. |
| 599 ## - NOTA A LAS ILUSTRACIONES | |
| NOTA A LAS ILUSTRACIONES | Retr. de Benito Feijoo y de Martín Martínez. |
| 600 14 - PUNTO DE ACCESO ADICIONAL DE MATERIA--NOMBRE DE PERSONA | |
| Nombre de persona | Feijoo, Benito Jerónimo, |
| Fechas asociadas al nombre | 1676-1764 |
| 9 (RLIN) | 49105 |
| 600 14 - PUNTO DE ACCESO ADICIONAL DE MATERIA--NOMBRE DE PERSONA | |
| Nombre de persona | Martínez, Martín, |
| Fechas asociadas al nombre | 1684-1734 |
| 9 (RLIN) | 173203 |
| 650 #4 - PUNTO DE ACCESO ADICIONAL DE MATERIA--TÉRMINO DE MATERIA | |
| Término de materia o nombre geográfico como elemento de entrada | Medicina- |
| Subdivisión geográfica | España- |
| Subdivisión cronológica | S.XVIII |
| 9 (RLIN) | 14905 |
| 700 1# - ENTRADA AGREGADA--NOMBRE PERSONAL | |
| Nombre de persona | Martínez, Martín, |
| Fechas asociadas al nombre | 1684-1734 |
| 9 (RLIN) | 173203 |
| 710 2# - ENTRADA AGREGADA--NOMBRE DE ENTIDAD CORPORATIVA | |
| Nombre de entidad corporativa o nombre de jurisdicción como elemento de entrada | Laboratorios del Norte de España. |
| 9 (RLIN) | 5476 |
| 830 1# - PUNTO DE ACCESO ADICIONAL DE SERIE-TÍTULO UNIFORME | |
| Título uniforme | Colección de publicaciones médicas histórico-artísticas ; |
| Designación de volumen o secuencia | 6 |
| 9 (RLIN) | 182835 |
| 852 4# - LOCALIZACIÓN | |
| Ubicación | ES-MaACL |
| Número de control de estantería | 1933-F-5 |
| Ubicación en estantería | Depósito folletos |
| Nota libre | Revisado enlace: 19 de Abril de 2025 |
| 856 4# - LOCALIZACIÓN Y ACCESO ELECTRÓNICOS | |
| Identificador Uniforme de Recursos | <a href="https://archive.org/details/b30629172">https://archive.org/details/b30629172</a> |
| Texto de enlace | Internet Archive |
| 942 ## - ELEMENTOS DE ENTRADA SECUNDARIOS (KOHA) | |
| Fuente del sistema de clasificación o colocación | Clasificación decimal universal |
| Estatus retirado | Estado de pérdida | Estado de daño | No para préstamo | Colección | Biblioteca de origen | Biblioteca actual | Ubicación en estantería | Fecha de adquisición | Fuente de adquisición | Total de préstamos | Signatura topográfica completa | Código de barras | Visto por última vez | Precio de reemplazo | Tipo de ítem Koha |
|---|---|---|---|---|---|---|---|---|---|---|---|---|---|---|---|
| Colección de folletos | Biblioteca del Ateneo de Madrid | Biblioteca del Ateneo de Madrid | Depósito folletos | 17/01/2008 | 1933-F-5 | 1065257 | 23/02/2023 | 23/02/2023 | Folleto |
